00654nam a2200205Ia 4500003000900000008004100009040001300050040001300063041000800076100002100084245008500105250001100190260001300201260000900214300001000223490000600233942000700239999001300246952018900259IT-RoPAU120407s9999 xx 000 0 und d aIT-RoPAU cIT-RoPAU aita aRaimondo Spiazzi aTeologia pastorale didattica. I e II: Kerigmatica e omiletica. III Catechetica.  aTorino aMarietti c1965 c25 cm v1 cBK c358d358 00102ddc406253_000000000000000_301271aPAULUSbPAULUSd2012-04-11l0o253.30,12r2012-04-11 00:00:00w2012-04-11yBKzInserito da: In data: n.d. fondo: Via A.Severo 56 Progr:34835